01563nam a2200337 a 4500001001200000003000800012006001900020007001500039008004100054020001800095020002700113040002100140035002100161043001200182050002800194100002100222245015200243260003200395300002300427490009800450504005100548505015600599533015200755650003300907650003100940650004100971655002901012710001701041830004101058856012601099ebr10420104CaPaEBRm u cr cn|||||||||101115s2010 ne a sb 001 0ceng d z9789042030626 z9789042030633 (e-book) aCaPaEBRcCaPaEBR a(OCoLC)671246046 ae-li---14aHQ1665.9.Z75bA3 2010eb1 aLeinarte, Dalia.10aAdopting and remembering Soviet realityh[electronic resource] :blife stories of Lithuanian women, 1945-1970 /ceditor and author, Dalia Leinarte. aAmsterdam :bRodopi,c2010. avi, 234 p. :bill.1 aOn the boundary of two worlds : identity, freedom, and moral imagination in the Baltics ;v24 aIncludes bibliographical references and index.0 apt. 1. Conducting interviews in the post-Soviet space -- pt. 2. Women, work, and family in Soviet Lithuania -- pt. 3. LIfe stories of Lithuanian women. aElectronic reproduction.bPalo Alto, Calif. :cebrary,d2010.nAvailable via World Wide Web.nAccess may be limited to ebrary affiliated libraries. 0aWomenzLithuaniavBiography. 0aWomenzLithuaniaxHistory. 0aWomenzLithuaniaxSocial conditions. 7aElectronic books.2local2 aebrary, Inc. 0aOn the boundary of two worlds ;v24.40uhttp://site.ebrary.com/lib/rucke/Doc?id=10420104zAn electronic book accessible through the World Wide Web; click to view